Sports Quiz

Random Sports or College Quiz
Score 0/13 Timer 05:00
0 Plays Today
% Correct
University of Michigan
95%
Western Michigan
94.2%
University of Minnesota
85.1%
Boston College
83.1%
Michigan State
80.8%
Ohio State University
79.4%
University of Notre Dame
64.3%
Penn State University
62%
Miami (OH) University
49.5%
Bowling Green State University
31.8%
Arizona State University
29.8%
United States Military Academy
27.2%
United States Air Force Academy
26.9%
Come Together.
Have Fun.
All Virtual.
We all need to come together. Play Sporcle's virtual live trivia to have fun, connect with people, and get your trivia on. Join a live hosted trivia game for your favorite pub trivia experience done virtually. If a virtual private party is more your thing, go here for details.

You're not logged in!

Compare scores with friends on all Sporcle quizzes.
OR
Log In

Sporcle TV

Today on Sporcle TV


Watch our educational content, quiz creation guides, and fun videos on Sporcle TV.

Show Comments

Extras

Top Quizzes Today


Score Distribution

Paid Content

Your Account Isn't Verified!

In order to create a playlist on Sporcle, you need to verify the email address you used during registration. Go to your Sporcle Settings to finish the process.

Report this User

Report this user for behavior that violates our Community Guidelines.

Details: